Gemeenten van Zeeland met kaart - Statistieken

Algemene statistieken
  • Deze quiz is 1.658 keer genomen
  • De gemiddelde score is 8 van 13
Antwoorden op de kaart
Antwoorden kleurgecodeerd door een groen-rode schaal op de quizkaart volgens % correct hieronder.
 
Antwoordstatistieken
Antwoord % Correct
Middelburg
96%
Vlissingen
90%
Terneuzen
84%
Goes
81%
Sluis
66%
Hulst
62%
Tholen
61%
Schouwen-Duiveland
58%
Veere
56%
Noord-Beveland
54%
Borsele
50%
Kapelle
49%
Reimerswaal
39%
Geen overeenkomende quizzen gevonden
Scoreverdeling
Procent van Mensen met Elke Score
Percentiel versus Aantal Correcte Antwoorden
Uw Scoregeschiedenis
U heeft deze quiz nog niet genomen